[Event "Baku Summer GM"]
[Site "Baku"]
[Date "2019.07.08"]
[Round "8.3"]
[White "Vaghar, Mohsen"]
[Black "Muradli, Mahammad"]
[Result "0-1"]
[WhiteElo "2182"]
[BlackElo "2454"]
[PlyCount "110"]
[EventDate "2019.07.03"]
[EventType "team-schev"]
[EventRounds "9"]
[EventCountry "AZE"]
[SourceTitle "EXT 2020"]
[Source "ChessBase"]
[SourceDate "2019.10.17"]
[SourceVersion "1"]
[SourceVersionDate "2019.10.17"]
[SourceQuality "1"]
[WhiteTeam "Black team Soffia A"]
[BlackTeam "Green Team (U16)"]
[WhiteTeamCountry "AZE"]
[BlackTeamCountry "AZE"]

1. e4 c5 2. Nf3 d6 3. d4 Nf6 4. Nc3 cxd4 5. Nxd4 a6 6. a4 Nc6 7. Be2 g6 8. Be3 Bg7 9. 0-0 0-0 10. Nxc6 bxc6 11. a5 Rb8 12. Ra2 Rb4 13. e5 Ng4 14. Bb6 Qd7 15. exd6 exd6 16. h3 Nh6 17. Qd2 Re8 18. Bd3 Rh4 19. Raa1 c5 20. Rfe1 Re6 21. Rxe6 fxe6 22. Re1 Nf5 23. Ne4 Bb7 24. c3 Qe7 25. Qe2 c4 26. Bc2 Bd5 27. f3 Be5 28. Bf2 Rh6 29. Qd2 Rh4 30. Re2 Rf4 31. Qe1 h5 32. Ng3 Nh4 33. Rxe5 dxe5 34. Qxe5 Qf6 35. Qb8+ Qf8 36. Qa7 Rf7 37. Qxa6 Nxf3+ 38. gxf3 Rxf3 39. Qb6 h4 40. Ne4 Rxh3 41. Bd4 Rf3 42. Nf6+ Rxf6 43. Bxf6 Qxf6 44. Qb8+ Kg7 45. Qa7+ Kh6 46. Qe3+ g5 47. a6 Qf4 48. Qxf4 gxf4 49. b3 cxb3 50. Bd3 b2 51. a7 f3 52. Kf2 h3 53. Kg3 f2 54. Kxf2 h2 55. c4 h1Q 0-1

[Event "Baku Summer GM"]
[Site "Baku"]
[Date "2019.07.07"]
[Round "7.3"]
[White "Vaghar, Mohsen"]
[Black "Shanava, Konstantine"]
[Result "0-1"]
[WhiteElo "2182"]
[BlackElo "2538"]
[PlyCount "110"]
[EventDate "2019.07.03"]
[EventType "team-schev"]
[EventRounds "9"]
[EventCountry "AZE"]
[SourceTitle "EXT 2020"]
[Source "ChessBase"]
[SourceDate "2019.10.17"]
[SourceVersion "1"]
[SourceVersionDate "2019.10.17"]
[SourceQuality "1"]
[WhiteTeam "Black team Soffia A"]
[BlackTeam "White Team GMs"]
[WhiteTeamCountry "AZE"]
[BlackTeamCountry "AZE"]

1. d4 g6 2. e4 Bg7 3. Nc3 d6 4. Be3 c6 5. Qd2 b5 6. f3 Nd7 7. g4 Nb6 8. b3 d5 9. h3 a5 10. Bg2 b4 11. Nce2 c5 12. e5 c4 13. Ng3 a4 14. Rc1 axb3 15. axb3 e6 16. N1e2 Ra3 17. Rb1 Bf8 18. 0-0 Ne7 19. Bg5 Qc7 20. Bf6 Rg8 21. Qxb4 Nc6 22. Qd2 Ra2 23. Nc3 Bb4 24. bxc4 Nxc4 25. Qd3 Ra3 26. Nb5 Qa5 27. Nxa3 Nxa3 28. Rxb4 Qxb4 29. Ne2 Nc4 30. Ra1 Qb2 31. Rd1 Ba6 32. Qb3 Kd7 33. Nc3 Rb8 34. Qxb2 Rxb2 35. Na4 Rxc2 36. Nc5+ Kc8 37. Bf1 Bb5 38. Bg5 Kc7 39. Bxc4 Bxc4 40. Be3 Ra2 41. Rb1 Na5 42. Rb4 Be2 43. Kf2 Bd1+ 44. Kg3 Ra3 45. Kf2 Nc4 46. Bg5 Na5 47. Be3 h5 48. Rb1 Bc2 49. Rb2 Ba4 50. Bd2 Nc4 51. Rb7+ Kc8 52. Bb4 Ra2+ 53. Kg3 g5 54. gxh5 Ne3 55. f4 Bd1 0-1

[Event "Arak op 15th"]
[Site "Arak"]
[Date "2016.08.12"]
[Round "3"]
[White "Vaghar, Mohsen"]
[Black "Chamsarchamani, Mohammad"]
[Result "1-0"]
[WhiteElo "2211"]
[BlackElo "2005"]
[PlyCount "135"]
[EventDate "2016.08.11"]
[EventType "swiss"]
[EventRounds "11"]
[EventCountry "IRI"]
[SourceTitle "CBM 173 Extra"]
[Source "ChessBase"]
[SourceDate "2016.08.29"]
[SourceVersion "1"]
[SourceVersionDate "2016.08.29"]
[SourceQuality "1"]

1. e4 c5 2. Nf3 d6 3. d4 cxd4 4. Nxd4 Nf6 5. Nc3 g6 6. g3 Bg7 7. Bg2 0-0 8. 0-0 Nc6 9. Nce2 Nxd4 10. Nxd4 Qc7 11. h3 a6 12. Be3 Rb8 13. a4 b6 14. c3 Bb7 15. Qc2 d5 16. e5 Ne4 17. Nf3 Rbc8 18. Rad1 b5 19. axb5 axb5 20. Qb3 Qc4 21. Qa3 e6 22. Rfe1 Ra8 23. Qe7 Ba6 24. Rd4 Qc6 25. Qh4 Qc7 26. Bf4 Bb7 27. Bf1 Bc6 28. Ng5 Nxg5 29. Qxg5 Ra4 30. h4 Rfa8 31. Qg4 Ra1 32. Rdd1 R1a2 33. Qe2 Qb6 34. Be3 Qa5 35. Bc5 Qa4 36. Rd4 Qa6 37. h5 Ra1 38. Ba3 Rxe1 39. Qxe1 Bd7 40. Bd3 Qb6 41. Qe3 Qc7 42. Bd6 Qd8 43. h6 Bf8 44. Bxf8 Qxf8 45. Rb4 Ra4 46. Rxa4 bxa4 47. Qg5 d4 48. cxd4 Bc6 49. Bc4 a3 50. bxa3 Qxa3 51. Qd8+ Qf8 52. Qg5 Qa8 53. Kh2 Bh1 54. Bf1 Bd5 55. g4 Qf8 56. Kg3 Qa3+ 57. Kh2 Qa8 58. Qf6 Qf8 59. g5 Be4 60. Bc4 Ba8 61. Bb3 Bb7 62. Kg3 Ba8 63. f3 Bb7 64. Bc2 Ba8 65. Be4 Bxe4 66. fxe4 Qa3+ 67. Kg4 Kf8 68. Qd8# 1-0

[Event "Arak op 15th"]
[Site "Arak"]
[Date "2016.08.11"]
[Round "1.10"]
[White "Vaghar, Mohsen"]
[Black "Mousavi, S Reza"]
[Result "1-0"]
[WhiteElo "2211"]
[BlackElo "1652"]
[PlyCount "109"]
[EventDate "2016.08.11"]
[EventType "swiss"]
[EventRounds "11"]
[EventCountry "IRI"]
[SourceTitle "CBM 173 Extra"]
[Source "ChessBase"]
[SourceDate "2016.08.29"]
[SourceVersion "1"]
[SourceVersionDate "2016.08.29"]
[SourceQuality "1"]

1. e4 c5 2. Nf3 d6 3. Bb5+ Nd7 4. 0-0 a6 5. Bxd7+ Bxd7 6. d4 cxd4 7. Qxd4 Nf6 8. Bg5 h6 9. Bh4 g5 10. Bg3 Bg7 11. a4 0-0 12. Nc3 Nh5 13. Qb4 f5 14. exf5 Bxf5 15. Nd4 Bd7 16. Qxb7 Nxg3 17. hxg3 Kh8 18. Qe4 Qb6 19. Nb3 Bf5 20. Qe2 Rab8 21. a5 Qb7 22. Ra3 Rf7 23. Na4 Rbf8 24. Nc1 Be4 25. f3 Bf5 26. c3 Bd7 27. Nb6 Bb5 28. c4 Bc6 29. Rb3 Qc7 30. Nd3 e5 31. Nf2 e4 32. Nxe4 Bxe4 33. Qxe4 Qc5+ 34. Kh2 Qxa5 35. Nd5 Qc5 36. Rb6 a5 37. Rb5 Qa7 38. Qe3 Bd4 39. Qd2 Be5 40. Rxa5 Qb8 41. Rb5 Qe8 42. Nc3 Rf6 43. Ne4 Qh5+ 44. Kg1 R6f7 45. Rd5 Qg6 46. Nxd6 Bf6 47. Nxf7+ Rxf7 48. Re1 h5 49. b4 h4 50. g4 Qg7 51. Qd3 Rf8 52. c5 Qh6 53. Kh2 Rf7 54. Rd7 Rxd7 55. Re8+ 1-0

[Event "IRI-ch"]
[Site "Mashhad"]
[Date "2015.01.23"]
[Round "5"]
[White "Sakhayi, Mostafa"]
[Black "Vaghar, Mohsen"]
[Result "1-0"]
[WhiteElo "2172"]
[BlackElo "2219"]
[PlyCount "71"]
[EventDate "2015.01.20"]
[EventType "swiss"]
[EventRounds "11"]
[EventCountry "IRI"]
[SourceTitle "CBM 164 Extra"]
[Source "ChessBase"]
[SourceDate "2015.03.02"]
[SourceVersion "1"]
[SourceVersionDate "2015.03.02"]
[SourceQuality "1"]

1. d4 Nf6 2. c4 e6 3. Nc3 Bb4 4. e3 0-0 5. Bd3 c5 6. Nf3 cxd4 7. exd4 d5 8. 0-0 dxc4 9. Bxc4 b6 10. Qe2 Nc6 11. Rd1 Na5 12. Bd3 Bb7 13. Bg5 Be7 14. Rac1 a6 15. Ne5 b5 16. Bxf6 Bxf6 17. Ne4 Be7 18. Nc5 Bd5 19. b4 Nb7 20. Be4 Bxe4 21. Qxe4 Nd6 22. Qg4 Ne8 23. Nxe6 fxe6 24. Qxe6+ Kh8 25. Nc6 Qb6 26. Qxe7 Nf6 27. Ne5 Rae8 28. Rc6 Qb8 29. Qc5 Qb7 30. f3 Nd7 31. Nxd7 Qxd7 32. d5 Rf5 33. Rc7 Qd8 34. Qc3 Rfe5 35. d6 Qh4 36. Qxe5 1-0

[Event "IRI-ch"]
[Site "Mashhad"]
[Date "2015.01.23"]
[Round "6"]
[White "Vaghar, Mohsen"]
[Black "Mojaverian, Hossein"]
[Result "1/2-1/2"]
[WhiteElo "2219"]
[BlackElo "2148"]
[PlyCount "144"]
[EventDate "2015.01.20"]
[EventType "swiss"]
[EventRounds "11"]
[EventCountry "IRI"]
[SourceTitle "CBM 164 Extra"]
[Source "ChessBase"]
[SourceDate "2015.03.02"]
[SourceVersion "1"]
[SourceVersionDate "2015.03.02"]
[SourceQuality "1"]

1. e4 g6 2. d4 Bg7 3. Nc3 c5 4. dxc5 Bxc3+ 5. bxc3 Qa5 6. Qd4 Nf6 7. Bd2 Nc6 8. Qe3 Ng4 9. Qe2 Nf6 10. Qc4 Ne5 11. Qb4 Qxb4 12. cxb4 Nxe4 13. Be3 0-0 14. Nf3 Ng4 15. Bd3 Nxe3 16. fxe3 Nf6 17. Ke2 b6 18. cxb6 axb6 19. a4 Nd5 20. Be4 Nc3+ 21. Kd3 Nxe4 22. Kxe4 Bb7+ 23. Kd4 Rfc8 24. c4 d6 25. Kd3 e5 26. Nd2 Bxg2 27. Rhg1 Bc6 28. b5 Bb7 29. e4 Kf8 30. Nb3 f5 31. exf5 gxf5 32. a5 Be4+ 33. Kc3 bxa5 34. Ra4 Kf7 35. Rga1 Kf6 36. Nxa5 Rab8 37. Rb4 f4 38. Nb3 Bg2 39. Ra6 Ke7 40. b6 f3 41. Ra2 Ke6 42. b7 Rc7 43. Na5 d5 44. Rb6+ Kf5 45. Rab2 Ke4 46. Kb4 d4 47. c5 Bf1 48. c6 Be2 49. Kc5 d3 50. R6b4+ Kf5 51. Kd6 Rf7 52. c7 Rxc7 53. Kxc7 Rxb7+ 54. Nxb7 f2 55. Nd6+ Ke6 56. Rb1 Kd5 57. Nf5 e4 58. Kb6 Ke5 59. Ng3 f1Q 60. Nxf1 Bxf1 61. Rxe4+ Kxe4 62. Rxf1 d2 63. Kc5 Ke3 64. h4 Ke2 65. Rh1 d1Q 66. Rxd1 Kxd1 67. Kd4 Kd2 68. Ke4 Kc3 69. Ke5 Kc4 70. Kf4 Kd5 71. Kf5 Kd6 72. Kf6 Kd7 1/2-1/2

[Event "IRI-ch"]
[Site "Mashhad"]
[Date "2015.01.21"]
[Round "3"]
[White "Vaghar, Mohsen"]
[Black "Khamisi, S Jafar"]
[Result "1/2-1/2"]
[WhiteElo "2219"]
[BlackElo "2127"]
[PlyCount "102"]
[EventDate "2015.01.20"]
[EventType "swiss"]
[EventRounds "11"]
[EventCountry "IRI"]
[SourceTitle "CBM 164 Extra"]
[Source "ChessBase"]
[SourceDate "2015.03.02"]
[SourceVersion "1"]
[SourceVersionDate "2015.03.02"]
[SourceQuality "1"]

1. e4 e5 2. Nf3 Nc6 3. Bb5 Nf6 4. 0-0 Nxe4 5. d4 Nd6 6. Bxc6 dxc6 7. dxe5 Nf5 8. Qe2 Nd4 9. Nxd4 Qxd4 10. h3 Bf5 11. Nc3 Bb4 12. g4 Be6 13. Rd1 Qc4 14. Qxc4 Bxc4 15. Rd4 b5 16. Be3 Bxc3 17. bxc3 a5 18. a3 h5 19. Kg2 hxg4 20. hxg4 Bd5+ 21. Kg3 Ke7 22. Bg5+ Ke6 23. Re1 a4 24. f4 Rae8 25. f5+ Kd7 26. Rd2 Kc8 27. Rde2 Kd7 28. Re3 Rh7 29. Rd1 Reh8 30. e6+ fxe6 31. fxe6+ Ke8 32. Kf4 Rh3 33. Rde1 Rf8+ 34. Ke5 Rff3 35. Rxf3 Rxf3 36. Re2 Rf1 37. Re3 Rf3 38. Re2 Rf1 39. Re3 Rf3 40. Rd3 Rf2 41. Rh3 Re2+ 42. Kd4 Rxe6 43. Re3 Kd7 44. Bf4 Rxe3 45. Bxe3 Be6 46. g5 Bf5 47. Ke5 Bxc2 48. Bc5 Ke8 49. Ba7 Kf7 50. Kf4 c5 51. Bb8 c4 1/2-1/2

[Event "IRI-ch"]
[Site "Tabriz"]
[Date "2013.12.02"]
[Round "8"]
[White "Galehdari, Bardia"]
[Black "Vaghar, Mohsen"]
[Result "1-0"]
[WhiteElo "2227"]
[BlackElo "2247"]
[PlyCount "111"]
[EventDate "2013.11.27"]
[EventType "swiss"]
[EventRounds "11"]
[EventCountry "IRI"]
[SourceTitle "CBM 157 Extra"]
[Source "ChessBase"]
[SourceDate "2013.12.19"]
[SourceVersion "1"]
[SourceVersionDate "2013.12.19"]
[SourceQuality "1"]

1. c4 e5 2. Nc3 Nc6 3. g3 g6 4. Bg2 Bg7 5. e3 d6 6. Nge2 Be6 7. Nd5 Qd7 8. Qa4 Rc8 9. d3 Nge7 10. Nxe7 Kxe7 11. Nc3 Rhe8 12. Nd5+ Kf8 13. 0-0 a6 14. Bd2 Nd8 15. Qa3 Kg8 16. Rac1 Bh3 17. Bc3 Bxg2 18. Kxg2 Qe6 19. Rce1 c6 20. Nb6 Rb8 21. d4 e4 22. d5 Qe7 23. Bxg7 Kxg7 24. Qc3+ f6 25. b4 Nf7 26. f4 exf3+ 27. Rxf3 Ng5 28. Rf4 Ne4 29. Qd4 c5 30. bxc5 Nxc5 31. Ref1 Rf8 32. g4 h6 33. h4 g5 34. Rf5 Kg6 35. e4 Rbe8 36. e5 dxe5 37. d6 exd4 38. dxe7 Rxe7 39. h5+ Kg7 40. Rxc5 Re4 41. Kg3 Rf7 42. Nd5 d3 43. Kf3 Rd4 44. Ne3 Rf4+ 45. Kg3 Re4 46. Nf5+ Kh7 47. Rd1 b5 48. cxb5 axb5 49. Rxd3 b4 50. Nd6 Rd7 51. Nxe4 Rxd3+ 52. Kf2 b3 53. axb3 Rxb3 54. Rc7+ Kh8 55. Rc4 Kg7 56. Nd6 1-0

[Event "IRI-ch"]
[Site "Tabriz"]
[Date "2013.12.01"]
[Round "7"]
[White "Azadbakhsh, Farshid"]
[Black "Vaghar, Mohsen"]
[Result "0-1"]
[WhiteElo "2129"]
[BlackElo "2247"]
[PlyCount "99"]
[EventDate "2013.11.27"]
[EventType "swiss"]
[EventRounds "11"]
[EventCountry "IRI"]
[SourceTitle "CBM 157 Extra"]
[Source "ChessBase"]
[SourceDate "2013.12.19"]
[SourceVersion "1"]
[SourceVersionDate "2013.12.19"]
[SourceQuality "1"]

1. e4 c6 2. d4 d5 3. Nc3 dxe4 4. Nxe4 Nd7 5. Nf3 Ngf6 6. Ng3 g6 7. Bd3 Bg7 8. Bg5 Qb6 9. Qc1 Nf8 10. Bh6 Bxh6 11. Qxh6 Bg4 12. Ng5 Ne6 13. h3 Qa5+ 14. c3 Qxg5 15. Qxg5 Nxg5 16. hxg4 Nxg4 17. f4 Ne6 18. f5 Nf4 19. Be4 0-0-0 20. 0-0 g5 21. Rae1 Rhe8 22. Bc2 Nf6 23. Bb3 N4d5 24. Re5 h5 25. Rfe1 Kd7 26. Ne4 Nxe4 27. R5xe4 e6 28. Rf1 f6 29. c4 Nc7 30. fxe6+ Rxe6 31. Rxe6 Kxe6 32. c5+ Nd5 33. Re1+ Kf7 34. Bc4 a5 35. Re3 Kg6 36. Rb3 Nb4 37. Be6 Rxd4 38. a3 Na6 39. Rxb7 Nxc5 40. Bf7+ Kh6 41. Rc7 Ne4 42. Kf1 Rd2 43. Rxc6 Rxb2 44. Bd5 Ng3+ 45. Kg1 Kg6 46. Rc5 a4 47. Ra5 Ne2+ 48. Kf1 Nc3 49. Be6 g4 50. Rc5 0-1

[Event "IRI-ch"]
[Site "Tabriz"]
[Date "2013.12.01"]
[Round "6"]
[White "Vaghar, Mohsen"]
[Black "Asnaashari, Soheyl"]
[Result "1-0"]
[WhiteElo "2247"]
[BlackElo "2149"]
[PlyCount "79"]
[EventDate "2013.11.27"]
[EventType "swiss"]
[EventRounds "11"]
[EventCountry "IRI"]
[SourceTitle "CBM 157 Extra"]
[Source "ChessBase"]
[SourceDate "2013.12.19"]
[SourceVersion "1"]
[SourceVersionDate "2013.12.19"]
[SourceQuality "1"]

1. e4 c5 2. Nf3 e6 3. d4 cxd4 4. Nxd4 a6 5. c4 Nf6 6. Bd3 Qc7 7. 0-0 Be7 8. Nc3 d6 9. Be3 Nbd7 10. Be2 b6 11. Rc1 Bb7 12. f3 Rc8 13. Qd2 0-0 14. Rfd1 Qb8 15. Qe1 Rfe8 16. Qf2 Bd8 17. b4 Ne5 18. Na4 Ba8 19. b5 a5 20. Nb3 Ned7 21. Bf1 Nc5 22. Nc3 Bc7 23. g3 h6 24. Rc2 Nfd7 25. Nd4 Ne5 26. h3 Qb7 27. Nb3 f5 28. Nxc5 dxc5 29. f4 Nf7 30. Bg2 Rcd8 31. Rxd8 Bxd8 32. Rd2 Bc7 33. Qf1 fxe4 34. Nxe4 Qc8 35. Qd1 Rd8 36. Kf2 Rxd2+ 37. Qxd2 Qd8 38. Qxd8+ Nxd8 39. Nxc5 Bxg2 40. Na6 1-0

[Event "IRI-ch"]
[Site "Tabriz"]
[Date "2013.11.30"]
[Round "5"]
[White "Vaghar, Mohsen"]
[Black "Shamsi, Mohammadhossein"]
[Result "1/2-1/2"]
[WhiteElo "2247"]
[BlackElo "2248"]
[PlyCount "163"]
[EventDate "2013.11.27"]
[EventType "swiss"]
[EventRounds "11"]
[EventCountry "IRI"]
[SourceTitle "CBM 157 Extra"]
[Source "ChessBase"]
[SourceDate "2013.12.19"]
[SourceVersion "1"]
[SourceVersionDate "2013.12.19"]
[SourceQuality "1"]

1. e4 c5 2. Nf3 d6 3. Bb5+ Bd7 4. Bxd7+ Qxd7 5. 0-0 Nc6 6. c3 Nf6 7. Re1 g6 8. d4 cxd4 9. cxd4 Bg7 10. Nc3 0-0 11. Qe2 d5 12. e5 Ne8 13. Be3 Nc7 14. Rad1 Ne6 15. Qd2 Rad8 16. Bh6 f6 17. Bxg7 Kxg7 18. Qe3 f5 19. Ng5 f4 20. Nxe6+ Qxe6 21. Qf3 h5 22. Rd3 Qf5 23. Red1 Rd7 24. a3 Kh6 25. Nxd5 g5 26. Nb4 Nxb4 27. axb4 Rfd8 28. g3 Kg6 29. Kg2 g4 30. Qxf4 Qxf4 31. gxf4 e6 32. d5 Rxd5 33. Rxd5 exd5 34. Rd4 Kf5 35. h3 gxh3+ 36. Kxh3 Rd7 37. Kg3 Ke6 38. Kf3 Rh7 39. Rd1 h4 40. Kg4 h3 41. Re1 h2 42. f5+ Kf7 43. Rh1 d4 44. Kf4 Rh4+ 45. Kg5 Rh8 46. Kf4 Rh4+ 47. Kf3 Rh3+ 48. Ke2 Ke7 49. b5 b6 50. f3 Kd7 51. Kd3 Rxf3+ 52. Kxd4 Rf2 53. b3 Re2 54. Kd5 Rd2+ 55. Ke4 Ke7 56. Ra1 Ra2 57. Rh1 Rd2 58. Ke3 Rb2 59. b4 Ra2 60. Kf3 Rb2 61. Kg3 Re2 62. Rxh2 Rxe5 63. Kf4 Rxb5 64. Kg5 Rxb4 65. Rh7+ Kd6 66. Rxa7 Rb1 67. Kg6 Rg1+ 68. Kf7 b5 69. f6 b4 70. Ra5 Kc6 71. Ra8 Kc5 72. Ke7 Re1+ 73. Kf8 Kc4 74. Rc8+ Kd3 75. Rb8 Kc3 76. f7 b3 77. Re8 Rf1 78. Re3+ Kc2 79. Re2+ Kc3 80. Ke8 Rxf7 81. Kxf7 b2 82. Rxb2 1/2-1/2

[Event "IRI-ch"]
[Site "Tabriz"]
[Date "2013.11.28"]
[Round "3"]
[White "Vaghar, Mohsen"]
[Black "Sakhayi, Mostafa"]
[Result "0-1"]
[WhiteElo "2247"]
[BlackElo "2122"]
[PlyCount "80"]
[EventDate "2013.11.27"]
[EventType "swiss"]
[EventRounds "11"]
[EventCountry "IRI"]
[SourceTitle "CBM 157 Extra"]
[Source "ChessBase"]
[SourceDate "2013.12.19"]
[SourceVersion "1"]
[SourceVersionDate "2013.12.19"]
[SourceQuality "1"]

1. e4 e5 2. Bc4 Nf6 3. d3 Nc6 4. Nf3 Be7 5. Bb3 0-0 6. Nbd2 d6 7. c3 h6 8. 0-0 Nh7 9. Nc4 Ng5 10. Ne3 Kh8 11. Nxg5 Bxg5 12. d4 exd4 13. cxd4 Bf6 14. Nc2 Na5 15. Ba4 c5 16. dxc5 dxc5 17. Qh5 Qe7 18. Re1 Qe5 19. Qe2 Bg5 20. Ne3 Be6 21. Qc2 f5 22. Bd2 Bxe3 23. Bxe3 Nc4 24. exf5 Nxe3 25. Rxe3 Qxf5 26. Qe2 Bc4 27. Qe1 b5 28. Bd1 Bd3 29. Bf3 Rad8 30. Qa5 Qf6 31. Qa3 c4 32. Rae1 a5 33. h3 b4 34. Qxa5 Qxb2 35. Re7 b3 36. axb3 cxb3 37. Qb4 Bc2 38. Rb7 Rfe8 39. Rxe8+ Rxe8 40. Bh5 Qa1+ 0-1

[Event "IRI-ch"]
[Site "Zahedan"]
[Date "2012.12.12"]
[Round "8"]
[White "Hosseinzadeh, Nima"]
[Black "Vaghar, Mohsen"]
[Result "0-1"]
[WhiteElo "2250"]
[BlackElo "2225"]
[PlyCount "77"]
[EventDate "2012.12.07"]
[EventType "swiss"]
[EventRounds "11"]
[EventCountry "IRI"]
[SourceTitle "EXT 2014"]
[Source "ChessBase"]
[SourceDate "2013.11.20"]
[SourceVersion "1"]
[SourceVersionDate "2013.11.20"]
[SourceQuality "1"]

1. e4 c6 2. d4 g6 3. Nc3 Bg7 4. Bc4 d6 5. Qf3 e6 6. Nge2 Nf6 7. Bg5 h6 8. Bh4 g5 9. Bg3 d5 10. exd5 exd5 11. Bd3 Qe7 12. h3 Be6 13. 0-0 0-0 14. Be5 Nbd7 15. Ng3 Rfe8 16. Rae1 Nxe5 17. dxe5 Nd7 18. Nf5 Bxf5 19. Qxf5 Nxe5 20. Qh7+ Kf8 21. Nd1 Qf6 22. Bf5 d4 23. Re4 Ng6 24. Bxg6 Qxg6 25. Qxg6 fxg6 26. Rfe1 Rxe4 27. Rxe4 Rd8 28. Kf1 Rd5 29. Ke2 Kf7 30. Kd3 a5 31. b3 a4 32. bxa4 Rc5 33. Re1 b5 34. axb5 Rxb5 35. Kd2 c5 36. Kd3 Rb4 37. c4 Rb1 38. Rf1 Ra1 39. Ne3 0-1

[Event "IRI-ch"]
[Site "Zahedan"]
[Date "2012.12.08"]
[Round "2"]
[White "Sadeh, Shahin"]
[Black "Vaghar, Mohsen"]
[Result "1/2-1/2"]
[WhiteElo "2316"]
[BlackElo "2225"]
[PlyCount "89"]
[EventDate "2012.12.07"]
[EventType "swiss"]
[EventRounds "11"]
[EventCountry "IRI"]
[SourceTitle "EXT 2014"]
[Source "ChessBase"]
[SourceDate "2013.11.20"]
[SourceVersion "1"]
[SourceVersionDate "2013.11.20"]
[SourceQuality "1"]

1. c4 Nf6 2. Nc3 g6 3. g3 Bg7 4. Bg2 0-0 5. e3 c6 6. Nge2 d5 7. cxd5 cxd5 8. d4 Nc6 9. Nf4 e6 10. b3 b6 11. Ba3 Re8 12. Rc1 Bb7 13. 0-0 Rc8 14. g4 Ba6 15. Re1 Bf8 16. Bxf8 Rxf8 17. g5 Ne8 18. Qg4 Ne7 19. h4 Nf5 20. h5 Rc7 21. Bf1 Bxf1 22. Rxf1 Qc8 23. Nce2 Rxc1 24. Rxc1 Qd7 25. Nd3 gxh5 26. Qxh5 Neg7 27. Qg4 Rc8 28. Ne5 Rxc1+ 29. Nxc1 Qc7 30. Qd1 h6 31. gxh6 Nxh6 32. Ncd3 f6 33. Ng6 Kf7 34. Ngf4 Nhf5 35. Qg4 Qc2 36. Nb4 Qc1+ 37. Kh2 Qd2 38. Qg6+ Ke7 39. Nbd3 Qxa2 40. b4 a5 41. bxa5 bxa5 42. Qh7 Kf7 43. Qg6+ Ke7 44. Qh7 Kf7 45. Qg6+ 1/2-1/2

[Event "Hamadan Iran op 11th"]
[Site "Hamadan"]
[Date "2012.07.14"]
[Round "6"]
[White "Aadeli, Arvin"]
[Black "Vaghar, Mohsen"]
[Result "1-0"]
[WhiteElo "2015"]
[BlackElo "2266"]
[PlyCount "69"]
[EventDate "2012.07.11"]
[EventType "swiss"]
[EventRounds "11"]
[EventCountry "IRI"]
[SourceTitle "CBM 149 Extra"]
[Source "ChessBase"]
[SourceDate "2012.08.24"]
[SourceVersion "1"]
[SourceVersionDate "2012.08.24"]
[SourceQuality "1"]

1. e4 c6 2. d3 d5 3. Nd2 g6 4. g3 Bg7 5. Bg2 e5 6. Ne2 Ne7 7. 0-0 0-0 8. f4 exf4 9. gxf4 dxe4 10. dxe4 Na6 11. Kh1 f5 12. e5 Be6 13. c4 Qd7 14. b3 Rad8 15. Qe1 Nb4 16. Qh4 Nc2 17. Rb1 Ne3 18. Rf3 Nxg2 19. Kxg2 b5 20. Rh3 h6 21. Rc3 b4 22. Rg3 c5 23. Nf3 Rfe8 24. Rb2 Qc6 25. Kf2 a5 26. Be3 Bc8 27. Rb1 Bb7 28. Rbg1 a4 29. Qh3 axb3 30. axb3 Rd3 31. Nh4 Kh7 32. Nxg6 Nxg6 33. Rxg6 Qxg6 34. Rxg6 Kxg6 35. Ng3 1-0

[Event "Hamadan Iran op 11th"]
[Site "Hamadan"]
[Date "2012.07.12"]
[Round "2"]
[White "Seyedabadi, Mahdi"]
[Black "Vaghar, Mohsen"]
[Result "0-1"]
[WhiteElo "1958"]
[BlackElo "2266"]
[PlyCount "122"]
[EventDate "2012.07.11"]
[EventType "swiss"]
[EventRounds "11"]
[EventCountry "IRI"]
[SourceTitle "CBM 149 Extra"]
[Source "ChessBase"]
[SourceDate "2012.08.24"]
[SourceVersion "1"]
[SourceVersionDate "2012.08.24"]
[SourceQuality "1"]

1. Nf3 d5 2. d4 Nf6 3. c4 e6 4. Nc3 Be7 5. e3 0-0 6. Bd3 a6 7. 0-0 dxc4 8. Bxc4 b5 9. Bd3 Bb7 10. a3 c5 11. Qe2 cxd4 12. exd4 Nbd7 13. Rd1 Nb6 14. Bg5 Nbd5 15. Nxd5 Qxd5 16. Rac1 Rad8 17. Rc7 Bd6 18. Rcc1 Rd7 19. a4 Ng4 20. axb5 Nxh2 21. Qe3 axb5 22. Be2 h6 23. Bf4 Ng4 24. Qd2 Be7 25. Qd3 b4 26. Bg3 Rfd8 27. Qb5 Nf6 28. Qxd5 Rxd5 29. Rc7 R5d7 30. Rxd7 Rxd7 31. Be5 Nd5 32. Bb5 Rd8 33. Ra1 Ra8 34. Rxa8+ Bxa8 35. Ne1 f6 36. Bb8 Bd8 37. Bd6 Bb6 38. Bc5 Bxc5 39. dxc5 Nc7 40. Bc4 Bd5 41. Bxd5 Nxd5 42. Kf1 Kf7 43. Ke2 h5 44. Nd3 Ke7 45. Kf3 e5 46. Ke2 Ke6 47. g3 g5 48. Ne1 h4 49. gxh4 gxh4 50. Kf3 Nf4 51. Nc2 Nd3 52. Kg4 b3 53. Na1 Nxc5 54. Kxh4 Kf5 55. Kg3 e4 56. Kg2 Kf4 57. Kf1 Kf3 58. Kg1 f5 59. Kf1 f4 60. Ke1 Kg2 61. Ke2 e3 0-1

[Event "Baku President's Cup 3rd"]
[Site "Baku"]
[Date "2008.05.12"]
[Round "4"]
[White "Stefanova, Antoaneta"]
[Black "Vaghar, Mohsen"]
[Result "1-0"]
[WhiteElo "2538"]
[BlackElo "2225"]
[PlyCount "57"]
[EventDate "2008.05.12"]
[EventType "swiss"]
[EventRounds "9"]
[EventCountry "AZE"]
[SourceTitle "CBM 124 Extra"]
[Source "ChessBase"]
[SourceDate "2008.07.03"]
[SourceVersion "1"]
[SourceVersionDate "2008.07.03"]
[SourceQuality "1"]

1. d4 Nf6 2. Bg5 h6 3. Bxf6 exf6 4. c4 Bb4+ 5. Nc3 Bxc3+ 6. bxc3 f5 7. e3 Qe7 8. Bd3 g6 9. Qf3 d6 10. Ne2 Nd7 11. 0-0 Nf6 12. Ng3 0-0 13. Rae1 Re8 14. e4 fxe4 15. Nxe4 Nxe4 16. Rxe4 Qf8 17. h4 Rxe4 18. Bxe4 c6 19. h5 f5 20. Bd3 g5 21. g4 fxg4 22. Qe4 Qf7 23. f4 d5 24. cxd5 cxd5 25. Qe5 gxf4 26. Bg6 Qe6 27. Qxf4 Qe7 28. Qxh6 Bd7 29. Bf7+ 1-0

[Event "IRI-ch 18th"]
[Site "Tehran"]
[Date "2008.02.25"]
[Round "12"]
[White "Ghaem Maghami, Ehsan"]
[Black "Vaghar, Mohsen"]
[Result "1-0"]
[WhiteElo "2589"]
[BlackElo "2237"]
[PlyCount "107"]
[EventDate "2008.02.16"]
[EventType "tourn"]
[EventRounds "13"]
[EventCountry "IRI"]
[EventCategory "2"]
[SourceTitle "CBM 123 Extra"]
[Source "ChessBase"]
[SourceDate "2008.05.06"]
[SourceVersion "1"]
[SourceVersionDate "2008.05.06"]
[SourceQuality "1"]

1. c4 e5 2. Nc3 Nc6 3. Nf3 Nf6 4. d3 Bb4 5. Bd2 0-0 6. e3 d5 7. cxd5 Nxd5 8. Be2 Nb6 9. 0-0 Be6 10. Ne4 Be7 11. Qc2 Nd7 12. Bc3 f5 13. Ned2 Qe8 14. Rfe1 Bf6 15. b4 Qf7 16. a3 g5 17. b5 Ne7 18. d4 e4 19. Ne5 Bxe5 20. dxe5 Nd5 21. Bd4 Qg6 22. Rad1 Rf7 23. Bf1 g4 24. Nb3 h5 25. Bb2 h4 26. Nd4 N7b6 27. a4 Nb4 28. Qd2 Nd3 29. Bxd3 exd3 30. Qb4 g3 31. Nxe6 gxf2+ 32. Kxf2 Qxe6 33. Rxd3 Nc4 34. Rc1 Nxe5 35. Bxe5 Qxe5 36. Kg1 f4 37. exf4 Qxf4 38. Qxf4 Rxf4 39. Rxc7 Raf8 40. h3 Rxa4 41. Rxb7 Rf7 42. Rb8+ Kg7 43. Kh2 Rf1 44. Rd7+ Rf7 45. Rd5 Rf1 46. Rg5+ Kf6 47. Rh5 Kg6 48. Rbh8 Rff4 49. R8h6+ Kg7 50. Rc6 Ra1 51. Rd5 Raa4 52. Rd7+ Rf7 53. Rxf7+ Kxf7 54. Ra6 1-0